A complete handbook of literary forms in the Bible / (Record no. 9310)
[ view plain ]
| 000 -LEADER | |
|---|---|
| fixed length control field | 01001cam a2200289 i 4500 |
| 001 - CONTROL NUMBER | |
| control field | 866096885 |
| 003 - CONTROL NUMBER IDENTIFIER | |
| control field | OCoLC |
| 005 - DATE AND TIME OF LATEST TRANSACTION | |
| control field | 20241126110709.0 |
| 008 - FIXED-LENGTH DATA ELEMENTS--GENERAL INFORMATION | |
| fixed length control field | 140304s2014 ilu d 001 0 eng |
| 010 ## - | |
| -- | 2013044703 |
| 020 ## - INTERNATIONAL STANDARD BOOK NUMBER | |
| International Standard Book Number | 9781433541148 (tp) |
| 020 ## - INTERNATIONAL STANDARD BOOK NUMBER | |
| International Standard Book Number | 1433541149 (tp) |
| 035 ## - SYSTEM CONTROL NUMBER | |
| System control number | (OCoLC)866096885 |
| 040 ## - CATALOGING SOURCE | |
| Original cataloging agency | DLC |
| Language of cataloging | eng |
| Description conventions | rda |
| Transcribing agency | DLC |
| Modifying agency | YDXCP |
| -- | BTCTA |
| -- | BDX |
| -- | TLE |
| -- | CDX |
| -- | CHVBK |
| 042 ## - | |
| -- | pcc |
| 082 ## - DEWEY DECIMAL CLASSIFICATION NUMBER | |
| Classification number | 220.6603 |
| Item number | RYK |
| 092 ## - LOCALLY ASSIGNED DEWEY CALL NUMBER (OCLC) | |
| Item number | R993C2 |
| 100 1# - MAIN ENTRY--PERSONAL NAME | |
| Personal name | Ryken, Leland |
| 9 (RLIN) | 8842 |
| 245 12 - TITLE STATEMENT | |
| Title | A complete handbook of literary forms in the Bible / |
| Statement of responsibility, etc. | Leland Ryken |
| 264 #1 - PRODUCTION, PUBLICATION, DISTRIBUTION, MANUFACTURE, AND COPYRIGHT NOTICE | |
| Place of production, publication, distribution, manufacture | Wheaton, Illinois : |
| Name of producer, publisher, distributor, manufacturer | Crossway, |
| Date of production, publication, distribution, manufacture, or copyright notice | 2014 |
| 300 ## - PHYSICAL DESCRIPTION | |
| Extent | 220 pages ; |
| Dimensions | 22 cm |
| 500 ## - GENERAL NOTE | |
| General note | Includes index |
| 630 00 - SUBJECT ADDED ENTRY--UNIFORM TITLE | |
| Uniform title | Bible |
| General subdivision | Language, style |
| Form subdivision | Dictionaries |
| 9 (RLIN) | 9771 |
| 630 00 - SUBJECT ADDED ENTRY--UNIFORM TITLE | |
| Uniform title | Bible |
| General subdivision | Criticism, interpretation, etc. |
| Form subdivision | Dictionaries |
| 9 (RLIN) | 15864 |
| 776 08 - ADDITIONAL PHYSICAL FORM ENTRY | |
| Relationship information | Online version: |
| Main entry heading | Ryken, Leland. |
| Title | Complete handbook of literary forms in the Bible |
| Place, publisher, and date of publication | Wheaton : Crossway, 2014 |
| International Standard Book Number | 9781433541155 |
| Record control number | (DLC) 2014010691 |
| 942 ## - ADDED ENTRY ELEMENTS (KOHA) | |
| Source of classification or shelving scheme | Dewey Decimal Classification |
| Koha item type | Books |
| Withdrawn status | Lost status | Source of classification or shelving scheme | Damaged status | Not for loan | Home library | Current Library | Shelving location | Date acquired | Total checkouts | Full call number | Barcode | Date last seen | Date last checked out | Copy number | Price effective from | Koha item type |
|---|---|---|---|---|---|---|---|---|---|---|---|---|---|---|---|---|
| Dewey Decimal Classification | GRACE BIBLE COLLEGE | GRACE BIBLE COLLEGE | Biblical Studies | 2022-09-28 | 1 | 220.6603 RYK | 015777 | 2026-02-16 | 2026-02-13 | c.1 | 2022-09-28 | Books |